000 01853nam0a2200325 4500
001 RU\NLR\bibl\1418470
005 20260405190645.0
010 _a978-5-383-00374-9
_9500
021 _aRU
_b2009-60809
_93749
035 _a(nilc)RSL-KNO-004362601
035 _a(NLR Aleph) 001410423
090 _a1278924
_c1278924
100 _a20090717d2009 |||y0rusy50 ca
101 0 _arus
102 _aRU
105 _ay zzzz|||||
200 1 _aМоделирование осветительных установок на компьютере
_eучебное пособие по курсу "Осветительные установки" для студентов, обучающихся по направлению "Электроника и микроэлектроника"
_fВ. П. Будак, Д. Н. Макаров
_gМ-во образования и науки Российской Федерации, Федеральное агентство по образованию, Московский энергетический ин-т (технический ун-т)
210 _aМосква
_cИзд. дом МЭИ
_d2009
215 _a63 с.
_cил.
_d20
606 1 _aСветотехника
_jУчебные издания для высших учебных заведений
_xКомпьютерное моделирование
_92576133
_3RU\NLR\auth\661523155
686 _aЗ294-5-01с116я73-1
_2rubbk
686 _aЗ294-02с116я73-1
700 1 _aБудак
_bВ. П.
_gВладимир Павлович
_4070
701 1 _4070
_8rus
_7ca
_aМакаров
_bД. Н.
_cканд. техн. наук, светотехника
_gДенис Николаевич
_3RU\NLR\auth\7782777
_965705
801 0 _aRU
_bРКП
_c20090717
_grcr
801 1 _aRU
_bРГБ
_c20090717
801 2 _aRU
_bNLR
_c20091001
_grcr
942 _cBOOK
980 _aNB